000 00571nam a2200205Ia 4500
008 180523s9999 xx 000 0 und d
020 _a81-7391-965-8
050 _aMAIN G 156.5
050 _b.E26T68 2007
245 0 _aTourism and development :
245 0 _bdesign for ecological sustainability /
245 0 _cedited by J.K. Sharma.
260 _aNew Delhi :
260 _bKanishka Publishers,
260 _c2007
300 _a334 pages :
300 _c22 cm.
500 _aIncludes bibliographical references and index.
650 _aEcotourism -- India.
999 _c356666
_d356666